• 首页
  • 本馆介绍
  • 公告通知
  • 最新文献
  • 馆藏检索
  • 电子资源
  • 读者导购
  • 参考咨询
  • 我的图书馆
  • 登录
  • 详细信息显示
  • 放入我的书架
  • 预约/预借图书
  • 作者相关作品
  • 分类相关作品
  • 丛书相关作品
  • 出版社相关作品

书目信息

  • 表格格式
  • 工作单格式
  • 卡片格式
题名:
秀域凭什么
    
 
作者: 李晓宁 著
分册:  
出版信息: 北京   企业管理出版社  2012
页数: 192页
开本: 23cm
丛书名:
单 册:
中图分类: F719.9
科图分类:
主题词: 美容--连锁企业--商业经营--经验--中国
电子资源:
ISBN: 978-7-5164-0139-2
000 00962nam0 2200253 450
001 339106
005 20150604100343.68
010    @a978-7-5164-0139-2@dCNY38.00
100    @a20121227d2012 em y0chiy50 ea
101 0  @achi
102    @aCN@b110000
105    @aa z 000yy
106    @ar
200 1  @a秀域凭什么@Axiu yu ping shen me@d= Showyu behind success@e中国美容冠军企业实战书@f李晓宁著@zeng
210    @a北京@c企业管理出版社@d2012
215    @a192页@c彩照, 图@d23cm
330    @a本书作者从顾客经营、员工管理、团队建设、同业竞争等几个方面, 揭示了秀域成长的核心机密, 让我们从中了解到中国美容连锁行业的无限前景, 领略到秀域独特的精神魅力。
510 1  @aShowyu behind success@zeng
517 1  @a中国美容冠军企业实战书@Azhong guo mei rong guan jun qi ye shi zhan shu
606 0  @a美容@x连锁企业@x商业经营@x经验@y中国
690    @aF719.9@v5
701  0 @a李晓宁@Ali xiao ning@c(女)@4著
801  0 @aCN@b卓展宏图@c20150525
905    @dF719.9@e766@f5
    
    秀域凭什么= Showyu behind success:中国美容冠军企业实战书/李晓宁著.-北京:企业管理出版社,2012
    192页:彩照, 图;23cm
    
    
    ISBN 978-7-5164-0139-2:CNY38.00
    本书作者从顾客经营、员工管理、团队建设、同业竞争等几个方面, 揭示了秀域成长的核心机密, 让我们从中了解到中国美容连锁行业的无限前景, 领略到秀域独特的精神魅力。
●
相关链接 在E读中查询图书 在五车中查询图书 在当当中查询图书 在豆瓣中查询图书


正题名:秀域凭什么     索取号:F719.9/766         预约/预借

序号 登录号 条形码 馆藏地/架位号 状态 备注
1 859401   208594010   第一样本阅览室/ [索取号:F719.9/766] 在馆    
2 859402   208594029   密集书库-海洋学院/ [索取号:F719.9/766] 在馆    
3 859403   208594038   第一借阅区/ [索取号:F719.9/766] 在馆    
4 859404   208594047   第一借阅区/ [索取号:F719.9/766] 在馆    
5 859405   208594056   密集书库-海洋学院/ [索取号:F719.9/766] 在馆    
唐山师范学院图书馆 欢迎您!
大连网信软件有限公司© 版权所有